Spoločenská zodpovednosť podnikov v zdravotnom cestovnom ruchu bakalárska práca

Uložené v:
Podrobná bibliografia
Hlavný autor: Ružičková, Kornélia
Korporativný autor: Obchodná fakulta EU. Katedra služieb a cestovného ruchu - zrušené
Ďalší autori: Šuterová, Viola, 1957-
Médium: Kniha
Jazyk:Slovak
Vydavateľské údaje: Bratislava 2021
Tagy: Pridať tag
Žiadne tagy, Buďte prvý, kto otaguje tento záznam!

MARC

LEADER 00000nbm a2200000 4500
001 0276008
005 20220203121042.8
041 0 |a slo 
044 |a SK 
245 1 0 |a Spoločenská zodpovednosť podnikov v zdravotnom cestovnom ruchu  |b bakalárska práca  |c Kornélia Ružičková ; školiteľ: Viola Šuterová 
264 1 |a Bratislava  |c 2021 
300 |a 41 s. 
100 1 |a Ružičková, Kornélia 
700 1 |a Šuterová, Viola, 1957- 
710 2 |a Obchodná fakulta EU. Katedra služieb a cestovného ruchu - zrušené